000
00276nam a22001217a 4500
008
180911b xxu||||| |||| 00| 0 eng d
041
_a
eng
080
_2
3 ED
_a
612
100
_a
4
101
_a
SHM
245
_a
Magnetic Resonance Imaging
_c
Buschong S.C
942
_2
udc
_c
BK
999
_c
47646
_d
47646